Southville International School and Colleges
Your cart is empty.
  • Cart
  • Lists
    Public lists Eva Luna New books Lux_list list_1
    Your lists Log in to create your own lists
  • Log in to your account
  • Your cookies
  • Search history
Southville International School and Colleges
  • Advanced search
  • Recent comments
  • Most popular
  • Libraries

Log in to your account

Log in with GOOGLE


If you do not have an external account, but do have a local account, you can still log in:

  1. Home
  2. MARC view: A comparative study on the use of beeswax and paraffin wax in making a smokeless candle /
Normal view MARC view ISBD view

A comparative study on the use of beeswax and paraffin wax in making a smokeless candle / (Record no. 97473)

[ view plain ]
MARC details
000 -LEADER
fixed length control field 00858nam a2200217 a 4500
003 - CONTROL NUMBER IDENTIFIER
control field 0
005 - DATE AND TIME OF LATEST TRANSACTION
control field 20250324130748.0
008 - FIXED-LENGTH DATA ELEMENTS--GENERAL INFORMATION
fixed length control field 060801s19uu xx 00 eng d
050 ## - LIBRARY OF CONGRESS CALL NUMBER
Classification number PGS TP 822.B44
Item number .D311 2006
100 ## - MAIN ENTRY--PERSONAL NAME
Personal name Dee, Rocianne Marie M.
245 ## - TITLE STATEMENT
Title A comparative study on the use of beeswax and paraffin wax in making a smokeless candle /
Statement of responsibility, etc Rocianne Marie M. Dee.
260 ## - PUBLICATION, DISTRIBUTION, ETC. (IMPRINT)
Place of publication, distribution, etc Las Piñas City, Philippines :
Name of publisher, distributor, etc Southville International School and Colleges,
Date of publication, distribution, etc 2006.
300 ## - PHYSICAL DESCRIPTION
Extent 49 pages :
Other physical details illustrations ;
Dimensions 28 cm.
504 ## - BIBLIOGRAPHY, ETC. NOTE
Bibliography, etc Includes bibliographical references.
650 ## - SUBJECT ADDED ENTRY--TOPICAL TERM
Topical term or geographic name as entry element Candles
Form subdivision Composition.
650 ## - SUBJECT ADDED ENTRY--TOPICAL TERM
Topical term or geographic name as entry element Beeswax
Form subdivision Industrial applications.
650 ## - SUBJECT ADDED ENTRY--TOPICAL TERM
Topical term or geographic name as entry element Paraffin wax
Form subdivision Industrial applications.
650 ## - SUBJECT ADDED ENTRY--TOPICAL TERM
Topical term or geographic name as entry element Candles
Form subdivision Environmental aspects.
650 ## - SUBJECT ADDED ENTRY--TOPICAL TERM
Topical term or geographic name as entry element Beeswax vs. Paraffin wax
Form subdivision Comparative studies.
942 ## - ADDED ENTRY ELEMENTS (KOHA)
Source of classification or shelving scheme Library of Congress Classification
Koha item type PASS
Holdings
Withdrawn status Lost status Source of classification or shelving scheme Damaged status Home library Current library Shelving location Date acquired Source of acquisition Total Checkouts Full call number Barcode Date last seen Price effective from Koha item type
    Library of Congress Classification   Luxembourg Library Luxembourg Library Portfolio Assessment of SISC Students Section 07/24/2006 Donation   PGS TP 822.B44 .D311 2006 P1513 04/08/2014 04/08/2014 PASS

A comparative study on the use of beeswax and paraffin wax in making a smokeless candle /

APA

Dee R. M. M., . (2006). A comparative study on the use of beeswax and paraffin wax in making a smokeless candle. Las Piñas City, Philippines: Southville International School and Colleges.

Chicago

Dee Rocianne Marie M, . 2006. A comparative study on the use of beeswax and paraffin wax in making a smokeless candle. Las Piñas City, Philippines: Southville International School and Colleges.

Harvard

Dee R. M. M., . (2006). A comparative study on the use of beeswax and paraffin wax in making a smokeless candle. Las Piñas City, Philippines: Southville International School and Colleges.

MLA

Dee Rocianne Marie M, . A comparative study on the use of beeswax and paraffin wax in making a smokeless candle. Las Piñas City, Philippines: Southville International School and Colleges. 2006.

  • Print
  • Cite
  • Add to your cart (remove)
  • Save record
    BIBTEX Dublin Core MARCXML MARC (non-Unicode/MARC-8) MARC (Unicode/UTF-8) MARC (Unicode/UTF-8, Standard) MODS (XML) RIS
  • More searches
    Search for this title in:
    Other Libraries (WorldCat) Other Databases (Google Scholar) Online Stores (Bookfinder.com) Open Library (openlibrary.org)

Exporting to Dublin Core...

SOUTHVILLE LIBRARY

Southville International School and Colleges Library

1281 Tropical Ave. Cor. Luxembourg St., BF Homes International, Las Pinas City

Tel. No. 8256374 / 252358 Loc. 117/146

Powered by Koha